000
00346nam a2200157Ia 4500
100
_a
Beer/ F.P./ Johnston/E.R
250
_a
3
942
_c
BK
366
_f
20
654
_a
Mechanics
245
_a
Mechanics of Materials(in SI units)
260
_b
Tata Mc Graw hill
_c
2004
082
_a
620.11292
_b
BEE
300
_a
780
546
_a
ENGLISH
999
_c
21050
_d
21050